000 00679nam a2200217Ii 4500
001 14751
003 CO-ViMGA
008 241108s9999||||xx |||||||||||||| ||und||
020 _a9789586395045
040 _aCO-ViMGA
_bspa
_erda
_cCO-ViMGA
041 0 _aspa
082 0 4 _a338.95120 - F47c
100 1 _aTed C. Fishman
_952328
245 1 0 _aChina, S.A. :
_bcómo la nueva potencia industrial desafía al mundo
264 1 _aBogotá, Colombia : Random House Mondadori. Debolsillo, 2007
300 _avolumen
336 _atext
_btxt
_2rdacontent
337 _aunmediated
_bn
_2rdamedia
338 _avolume
_bnc
_2rdacarrier
940 _aidficha_siabuc: 14443. -- ficha_no_siabuc:14751
999 _c47112
_d47112